=LDR 00000nam 2200000 4500 =001 INLIS000000000005452 =005 20200227103641 =035 ##$$a 0010-061300000005452 =008 200227################g##########0#ind## =041 ##$$a Ind =082 ##$$a 121 =090 ##$$a 121, Akh i =100 ##$$a Achmad, Mudlor =245 1#$$a Ilmu dan keinginan tahu : $b Epistemologi dalam filsafat /$c Mudlor Achmad =260 ##$$a Bandung :$b Trigenda Karya,$c 1994 =300 ##$$a 109 hlm, ; $c 21 x 15 cm =650 #4$$a Pengetahuan, Teori =850 ##$$a NBPNMAT =020 ##$$a 979-8422-38-4 =084 ##$$a 121 ACH i =250 ##$$a cet. 1 =500 ##$$a Bibliografi, hlm.108-109 =990 ##$$a DW00013616 =990 ##$$a DW00013617 =990 ##$$a DW00013618 =990 ##$$a DW00013619 =990 ##$$a 133.032/Pro-98